000 00615nam a2200193 4500
001 122495
003 ES-MaACL
005 20230906192004.0
007 t|
008 070214s1972 mx r ||||1| spa d
245 0 0 _aPrincipios de operaciones unitarias /
_cAlan S. Foust ... [et al.] ; traducido por J. A. Lanuza Escobar.
250 _a1ª ed., 5ª reimp.
260 _aMéxico [etc.] :
_bCompañía Editorial Continental,
_c1972.
300 _a704 p. ;
_c30 cm.
700 1 _aFoust, Alan S.
_952005
700 1 _aLanuza Escobar, J. A.
_9210578
852 _aES-MaACL
_jA-5860
_bR.94934
999 _c122495
_d122495